000 00519nam a2200193Ia 4500
005 20250508152648.0
008 008 250505s9999 xx 000 0 eng d
037 _aTextual
040 _aFEDL
_beng
_cFEDL
041 _aeng
_2eng
084 _a294.5, RAD
_qFEDL
100 _aRadhakrishnan S.
245 0 _aEastern religions and western thought
250 _a2nd
260 _aLondon, UK
_bOxford Univeristy Press
300 _axiii,396
942 _cTEXL
_h294.5, RAD
999 _c1337872
_d1337872